000 00203 a2200109 4500
020 _a9780156031660
041 _aeng
100 _aJenna Blum
245 _aThose who save us
942 _cBK
952 _71
999 _c24974
_d24974